[Event "C.to Provinciale MO 2011"]
[Site "Modena ITA"]
[Date "2010.12.11"]
[Round "4"]
[White "Filieri, Emily"]
[Black "Carletti, Davide M."]
[Result "0-1"]
[WhiteElo "1356"]
[BlackElo "1685"]
[PlyCount "72"]
[EventDate "2010.12.10"]

1. e4 e5 2. Nf3 Nc6 3. Nc3 Nf6 4. Bc4 Bc5 5. d3 h6 6. O-O O-O 7. Qe2 d6 8. h3
Be6 9. Bxe6 fxe6 10. Be3 Bb6 11. d4 exd4 12. Bxd4 Nxd4 13. Qd3 Nxf3+ 14. Qxf3
Qe7 15. Rad1 e5 16. Qf5 Rae8 17. Qg6 Qf7 18. Qg3 a6 19. Rd3 Bd4 20. Qh4 Qh5 21.
Qxh5 Nxh5 22. g4 Nf4 23. Nd5 Nxd3 24. cxd3 c6 25. Nc7 Re7 26. Nxa6 bxa6 27. Kg2
Ref7 28. f3 d5 29. exd5 cxd5 30. b4 e4 31. dxe4 dxe4 32. Kg3 Rxf3+ 33. Rxf3
exf3 34. Kh4 f2 35. Kh5 Kh7 36. h4 g6# 0-1

[Event "C.to Provinciale MO 2011"]
[Site "Modena ITA"]
[Date "2010.12.11"]
[Round "4"]
[White "Garofalo, Sergio"]
[Black "Sacchetti, Andrea"]
[Result "0-1"]
[WhiteElo "1805"]
[BlackElo "1742"]
[PlyCount "72"]
[EventDate "2010.12.10"]

1. d4 d5 2. Nf3 Nf6 3. b3 e6 4. Bb2 Be7 5. e3 Nbd7 6. Bd3 O-O 7. Nbd2 c5 8. O-O
a6 9. Qe2 b5 10. c4 bxc4 11. bxc4 Bb7 12. Ne5 cxd4 13. exd4 dxc4 14. Ndxc4 Nd5
15. f4 a5 16. a3 Rc8 17. Nxd7 Qxd7 18. Ne5 Qd8 19. Rf3 Nf6 20. Rh3 Qd5 21. Re1
Rc7 22. Rg3 Rfc8 23. Ng4 Nh5 24. Nh6+ Kf8 25. Qxh5 Qxh5 26. Nxf7 Kxf7 27. Rh3
Qg4 28. Rg3 Qxf4 29. d5 Qxg3 30. dxe6+ Kg8 31. hxg3 Bf6 32. Bxf6 gxf6 33. e7
Re8 34. Re6 Kg7 35. Bb5 Rexe7 36. Rd6 Rc2 0-1

[Event "C.to Provinciale MO 2011"]
[Site "Modena ITA"]
[Date "2010.12.11"]
[Round "4"]
[White "Mantovani, Enrico"]
[Black "Faglioni, Isacco"]
[Result "0-1"]
[WhiteElo "1745"]
[BlackElo "1476"]
[PlyCount "106"]
[EventDate "2010.12.10"]

1. d4 d5 2. c4 c6 3. Nf3 Nf6 4. Nbd2 Bf5 5. e3 e6 6. Be2 Nbd7 7. O-O c5 8. cxd5
exd5 9. b3 Bd6 10. Bb2 O-O 11. Ne5 Qc7 12. Ndf3 Rfe8 13. Rc1 Nxe5 14. dxe5 Bxe5
15. Nxe5 Rxe5 16. Bxe5 Qxe5 17. Rxc5 g6 18. Qa1 Qe6 19. Rfc1 Rd8 20. Qd4 Ne4
21. Rc7 Ng5 22. g4 Be4 23. Kf1 Bf3 24. h4 Bxe2+ 25. Kxe2 Ne4 26. f3 Nf6 27. Rh1
Qa6+ 28. Kf2 Qxa2+ 29. Kg3 Qa6 30. Qe5 h5 31. g5 Ne8 32. Re7 Nd6 33. Kh3 Qc6
34. Qb2 Nf5 35. Re5 Qd7 36. Kg2 Re8 37. e4 Rxe5 38. Qxe5 dxe4 39. Qxe4 Qd2+ 40.
Kh3 Qf2 41. Qf4 Ne3 42. Qg3 Qb2 43. Re1 Nf5 44. Re8+ Kg7 45. Qb8 Kh7 46. Qxb7
Nd6 47. Qd5 Nxe8 48. Qxf7+ Ng7 49. Qd5 Qf2 50. Qf7 Qf1+ 51. Kg3 Qa6 52. Qd7
Qd6+ 53. Qxd6 Nf5+ 0-1

[Event "C.to Provinciale MO 2011"]
[Site "Modena ITA"]
[Date "2010.12.11"]
[Round "4"]
[White "Minelli, Giancarlo"]
[Black "Venturelli, Giuseppe"]
[Result "0-1"]
[WhiteElo "1386"]
[BlackElo "1677"]
[PlyCount "70"]
[EventDate "2010.12.10"]

1. e4 d5 2. exd5 Qxd5 3. Nc3 Qa5 4. d4 Bf5 5. Bc4 c6 6. a3 Nf6 7. Bd2 e6 8. d5
Qc5 9. Qe2 cxd5 10. b4 Qxc4 11. Qxc4 dxc4 12. Nb5 Na6 13. c3 Be7 14. Nf3 O-O
15. O-O Bd3 16. Rfe1 Rfd8 17. Bg5 Nd5 18. Bxe7 Nxe7 19. a4 Nd5 20. Rac1 Ndc7
21. Re5 Rd5 22. Ra1 Rxe5 23. Nxe5 Rd8 24. Nxa7 Nd5 25. Nb5 Nac7 26. Nxc7 Nxc7
27. Rd1 Rd5 28. f4 Be2 29. Rd4 Rxd4 30. cxd4 c3 31. Kf2 c2 32. Kxe2 c1=Q 33.
Nd3 Qc2+ 34. Ke3 Nd5+ 35. Ke4 Qe2# 0-1

[Event "C.to Provinciale MO 2011"]
[Site "Modena ITA"]
[Date "2010.12.11"]
[Round "4"]
[White "Rovatti, Guido"]
[Black "Cambi, Enrico"]
[Result "1-0"]
[WhiteElo "1695"]
[BlackElo "1557"]
[PlyCount "51"]
[EventDate "2010.12.10"]

1. d4 Nf6 2. Bg5 d6 3. e3 c5 4. dxc5 Qa5+ 5. Nc3 Qxc5 6. Bxf6 gxf6 7. Qd5 Qxd5
8. Nxd5 Kd8 9. Bc4 Be6 10. Ne2 Nc6 11. a3 Bg7 12. c3 Ne5 13. Ba2 Nd3+ 14. Kf1
Rc8 15. Nd4 b6 16. Nxe6+ fxe6 17. Nf4 Nxf4 18. exf4 Bh6 19. Bxe6 Rc5 20. g3 f5
21. Rc1 Bg7 22. Rc2 Rf8 23. Kg2 Kc7 24. b4 Rf6 25. Re1 Rxe6 26. Rxe6 1-0

[Event "C.to Provinciale MO 2011"]
[Site "Modena ITA"]
[Date "2010.12.11"]
[Round "4"]
[White "Simonini, Mattia"]
[Black "Vezzelli, Francesco"]
[Result "1/2-1/2"]
[WhiteElo "1778"]
[BlackElo "1904"]
[PlyCount "95"]
[EventDate "2010.12.10"]

1. d4 Nf6 2. c4 d6 3. Nc3 Nbd7 4. e4 e5 5. d5 c6 6. Be2 Qc7 7. Be3 Be7 8. h3
Nf8 9. f4 exf4 10. Bxf4 Ng6 11. Be3 Qa5 12. Qd2 Nd7 13. a3 Bh4+ 14. Kf1 Qd8 15.
Nf3 Bg3 16. Bf2 Bf4 17. Be3 Qf6 18. Bxf4 Nxf4 19. g3 Nxe2 20. Qxe2 O-O 21. Kg2
Re8 22. Rhf1 Nc5 23. Qc2 Qh6 24. Nh4 g6 25. Qf2 Qf8 26. Qf4 Qe7 27. Qf6 Qd7 28.
g4 Nxe4 29. Nxe4 Rxe4 30. Rf2 h5 31. Nxg6 Rxg4+ 32. hxg4 Qxg4+ 33. Kf1 Qxg6 34.
Qxg6+ fxg6 35. Rf6 Bh3+ 36. Kf2 Rf8 37. Rxf8+ Kxf8 38. dxc6 bxc6 39. Re1 Kf7
40. Re3 Bf5 41. Rb3 Be6 42. Rb7+ Kf6 43. b3 d5 44. cxd5 Bxd5 45. b4 c5 46. Rxa7
cxb4 47. axb4 Ke5 48. Rg7 1/2-1/2

[Event "C.to Provinciale MO 2011"]
[Site "Modena ITA"]
[Date "2010.12.11"]
[Round "4"]
[White "Tazzioli, Luca"]
[Black "Setti, Roberto"]
[Result "1-0"]
[WhiteElo "1673"]
[BlackElo "1901"]
[PlyCount "95"]
[EventDate "2010.12.10"]

1. e4 e6 2. d3 d5 3. Nd2 Nf6 4. Ngf3 c5 5. c3 Nc6 6. e5 Nd7 7. d4 Qb6 8. Nb3 a5
9. a4 cxd4 10. cxd4 Bb4+ 11. Bd2 Bxd2+ 12. Kxd2 f6 13. exf6 Nxf6 14. Bb5 O-O
15. Re1 Ne4+ 16. Ke2 e5 17. Bxc6 bxc6 18. Qc2 Ba6+ 19. Kd1 Nxf2+ 20. Qxf2 e4
21. Qe3 exf3 22. gxf3 Rfe8 23. Qc3 Rxe1+ 24. Kxe1 Re8+ 25. Kd1 Re2 26. Nxa5
Rxh2 27. Nb3 Bc4 28. Ra3 Qb8 29. a5 Qf4 30. Nd2 Be2+ 31. Kc2 Bc4 32. Qe3 Qb8
33. a6 Re2 34. a7 Qa8 35. Qf4 Re8 36. Nxc4 dxc4 37. Kc3 Rf8 38. Qe4 h5 39. Kxc4
Rf7 40. Ra6 Rxa7 41. Rxa7 Qxa7 42. Qe8+ Kh7 43. Qxh5+ Kg8 44. Qe8+ Kh7 45. Qxc6
Qa2+ 46. Kc3 Qa5+ 47. Kc2 Qe1 48. Qe4+ 1-0

[Event "C.to Provinciale MO 2011"]
[Site "Modena ITA"]
[Date "2010.12.11"]
[Round "4"]
[White "Venturelli, Sara"]
[Black "Del Gaiso, Massimo"]
[Result "1-0"]
[WhiteElo "1455"]
[BlackElo "1777"]
[PlyCount "87"]
[EventDate "2010.12.10"]

1. e4 d5 2. exd5 c6 3. Nf3 cxd5 4. d4 Bg4 5. Be2 Nf6 6. Nc3 e6 7. Bd2 a6 8. O-O
Bd6 9. Ne5 h5 10. Bg5 Nbd7 11. f4 Bxe2 12. Qxe2 Qb6 13. Qd3 Ng4 14. Rae1 Ndxe5
15. fxe5 Nxe5 16. Qe3 Ng4 17. Nxd5 Qxb2 18. Qf3 O-O 19. Ne7+ Kh8 20. Qh3 g6 21.
Re4 Nxh2 22. Rh4 Kg7 23. Bf6+ Kh6 24. Qe3+ Kh7 25. Qg5 Ng4 26. Rxg4 Qb5 27. Rh4
Qxg5 28. Bxg5 Rae8 29. Nxg6 Kxg6 30. Be3 Rc8 31. Rc1 Rc3 32. Bf4 Ba3 33. Bd2
Rc4 34. Rb1 Rxc2 35. Bb4 Bxb4 36. Rxb4 Rxa2 37. Rxb7 a5 38. Ra7 Rd8 39. g4 Rxd4
40. gxh5+ Kg5 41. Rxd4 Kxh5 42. Rxf7 a4 43. Ra7 a3 44. Rda4 1-0

[Event "C.to Provinciale MO 2011"]
[Site "Modena ITA"]
[Date "2010.12.11"]
[Round "4"]
[White "Vincenzi, Marco"]
[Black "Di Trapani, Davide"]
[Result "1/2-1/2"]
[WhiteElo "2097"]
[BlackElo "2000"]
[PlyCount "105"]
[EventDate "2010.12.10"]

1. e4 e5 2. Nf3 Nc6 3. Bb5 a6 4. Ba4 Nf6 5. O-O b5 6. Bb3 Bc5 7. c3 d6 8. d4
Bb6 9. a4 Rb8 10. Qd3 O-O 11. Bg5 h6 12. Bxf6 Qxf6 13. axb5 axb5 14. Qxb5 Ne7
15. dxe5 Qxf3 16. gxf3 Bxf2+ 17. Rxf2 Rxb5 18. exd6 cxd6 19. Nd2 Bh3 20. f4
Rfb8 21. Rf3 Bc8 22. Ra7 Bb7 23. Rd3 Nc8 24. Ra4 Bc6 25. Rc4 R5b6 26. Rdd4 Kf8
27. Rb4 Ke7 28. Bd5 Bxd5 29. exd5 Rxb4 30. cxb4 Ra8 31. Nc4 Ra4 32. Na3 Ra8 33.
Kf2 Nb6 34. Ke3 g5 35. Ke4 gxf4 36. Kxf4 Na4 37. Nc4 Rg8 38. Rd3 Rb8 39. Rb3
Rb5 40. Ne3 Nc5 41. Nf5+ Kd7 42. Nxd6 Kxd6 43. bxc5+ Rxc5 44. Rd3 Rc2 45. Rh3
Rxb2 46. Rxh6+ Kxd5 47. h4 Rf2+ 48. Kg5 Ke5 49. Ra6 Rg2+ 50. Kh6 f5 51. Rg6 Rh2
52. h5 f4 53. Rg8 1/2-1/2

[Event "C.to Provinciale MO 2011"]
[Site "Modena ITA"]
[Date "2010.12.11"]
[Round "4"]
[White "Wang, Cesare"]
[Black "Menduni, Alessandro"]
[Result "1/2-1/2"]
[WhiteElo "1488"]
[BlackElo "1446"]
[PlyCount "62"]
[EventDate "2010.12.10"]

1. e4 e5 2. Nf3 Nc6 3. Bc4 Bc5 4. d3 h6 5. O-O Nf6 6. Nc3 d6 7. h3 O-O 8. Be3
Bb6 9. Re1 Re8 10. Nd5 Nxd5 11. Bxd5 Nd4 12. c3 Nc6 13. Bxb6 axb6 14. d4 exd4
15. cxd4 Qf6 16. a3 Qg6 17. g4 Be6 18. Bxe6 fxe6 19. Rc1 Rf8 20. Qe2 Ra4 21.
Rcd1 Qf6 22. Nd2 Nxd4 23. Qf1 Nc2 24. Re2 Qxb2 25. Nb1 Rc4 26. Red2 Qe5 27.
Qxc4 Rf4 28. Qxc2 Rxe4 29. Qxc7 Re1+ 30. Kg2 Qe4+ 31. Kh2 Qf4+ 1/2-1/2

[Event "C.to Provinciale MO 2011"]
[Site "Modena ITA"]
[Date "2010.12.12"]
[Round "5"]
[White "Cambi, Enrico"]
[Black "Mantovani, Enrico"]
[Result "1-0"]
[WhiteElo "1557"]
[BlackElo "1745"]
[PlyCount "77"]
[EventDate "2010.12.10"]

1. e4 c6 2. d4 d5 3. e5 Bf5 4. Nf3 e6 5. Be2 Qb6 6. O-O c5 7. c4 dxc4 8. Bxc4
Ne7 9. Nc3 cxd4 10. Qxd4 Qxd4 11. Nxd4 a6 12. a3 Nbc6 13. Nxc6 Nxc6 14. Bf4 Be7
15. Rad1 g5 16. Bg3 h5 17. h3 h4 18. Bh2 b5 19. Bd3 Bxd3 20. Rxd3 Rd8 21. Rfd1
Rxd3 22. Rxd3 Na5 23. a4 b4 24. Ne4 O-O 25. g3 Rd8 26. Rxd8+ Bxd8 27. gxh4 gxh4
28. Nc5 Bb6 29. Nxa6 b3 30. Nb4 Nc4 31. Nd3 Bd4 32. Nc1 Na5 33. Nd3 Nc4 34. Nc1
Bxb2 35. Nxb3 Bxe5 36. Bxe5 Nxe5 37. a5 Kg7 38. a6 Kg6 39. a7 1-0

[Event "C.to Provinciale MO 2011"]
[Site "Modena ITA"]
[Date "2010.12.12"]
[Round "5"]
[White "Carletti, Davide M."]
[Black "Garofalo, Sergio"]
[Result "1-0"]
[WhiteElo "1685"]
[BlackElo "1805"]
[PlyCount "93"]
[EventDate "2010.12.10"]

1. e4 e5 2. Nf3 Nc6 3. Bc4 Nf6 4. d3 Bc5 5. c3 Qe7 6. Nbd2 d6 7. Bb3 O-O 8. O-O
Be6 9. h3 h6 10. Re1 Qd7 11. Nh2 Ne7 12. Bxe6 fxe6 13. Ndf3 Ng6 14. Be3 Bb6 15.
Qc2 Rae8 16. Rad1 Qf7 17. d4 exd4 18. cxd4 e5 19. dxe5 dxe5 20. Bxb6 axb6 21.
g3 Ra8 22. a3 Rad8 23. Rc1 Rd7 24. h4 Rfd8 25. h5 Nxh5 26. Qc3 c5 27. Rb1 Qe6
28. Kg2 Rd3 29. Qc2 Nhf4+ 30. Kh1 Rxf3 31. b3 Qh3 32. Rg1 Nd3 33. Rbf1 Rdf8 34.
Rg2 Ndf4 35. gxf4 Nxf4 36. Rg3 Qxg3 37. fxg3 Rxg3 38. Rf3 Rg6 39. Qb2 Rd8 40.
Rf1 Nd3 41. Qc2 Rd7 42. Qc4+ Kh7 43. Rf8 Rgd6 44. Ng4 Nf4 45. Qg8+ Kg6 46.
Nxe5+ Kh5 47. Nxd7 1-0

[Event "C.to Provinciale MO 2011"]
[Site "Modena ITA"]
[Date "2010.12.12"]
[Round "5"]
[White "Degli Esposti, Eugenio"]
[Black "Del Gaiso, Massimo"]
[Result "1/2-1/2"]
[WhiteElo "1461"]
[BlackElo "1777"]
[PlyCount "45"]
[EventDate "2010.12.10"]

1. e4 d5 2. exd5 c6 3. dxc6 Nxc6 4. Nc3 Nf6 5. Bb5 Qc7 6. d4 Bg4 7. Nf3 a6 8.
Bxc6+ Qxc6 9. Qd3 e6 10. h3 Bf5 11. Qe2 Bb4 12. Bd2 Bxc2 13. Rc1 Bg6 14. O-O
Bxc3 15. Rxc3 Qe4 16. Qxe4 Nxe4 17. Rc7 Nxd2 18. Nxd2 Rb8 19. Rfc1 O-O 20. Nb3
b6 21. Ra7 a5 22. Rcc7 Be4 23. Nd2 1/2-1/2

[Event "C.to Provinciale MO 2011"]
[Site "Modena ITA"]
[Date "2010.12.12"]
[Round "5"]
[White "Di Trapani, Davide"]
[Black "De Biaggi, Paolo"]
[Result "1/2-1/2"]
[WhiteElo "2000"]
[BlackElo "1884"]
[PlyCount "30"]
[EventDate "2010.12.10"]

1. e4 e5 2. Nf3 Nf6 3. Nxe5 d6 4. Nf3 Nxe4 5. d4 d5 6. Bd3 Be7 7. O-O O-O 8. c4
Nf6 9. Ne5 Nc6 10. Nxc6 bxc6 11. cxd5 cxd5 12. Qc2 Qd6 13. g3 c5 14. dxc5 Qxc5
15. Qxc5 Bxc5 1/2-1/2

[Event "C.to Provinciale MO 2011"]
[Site "Modena ITA"]
[Date "2010.12.12"]
[Round "5"]
[White "Faglioni, Isacco"]
[Black "Di Trapani, Luigi"]
[Result "1-0"]
[WhiteElo "1476"]
[BlackElo "1610"]
[PlyCount "53"]
[EventDate "2010.12.10"]

1. e4 d6 2. d4 Nf6 3. Nc3 c6 4. Bf4 Qa5 5. Qd3 g6 6. a3 Bg7 7. O-O-O O-O 8. Be2
b5 9. h4 Ba6 10. Qg3 b4 11. axb4 Qxb4 12. h5 Bxe2 13. Ngxe2 Nxh5 14. Rxh5 Nd7
15. Rh4 Rfb8 16. b3 a5 17. Qh3 Nf8 18. Rh1 f6 19. Bh6 Bxh6+ 20. Rxh6 Kf7 21.
Rxh7+ Nxh7 22. Qxh7+ Ke6 23. Qxg6 Rg8 24. Qf5+ Kf7 25. Rh7+ Kf8 26. Qe6 Rg7 27.
Rh8+ 1-0

[Event "C.to Provinciale MO 2011"]
[Site "Modena ITA"]
[Date "2010.12.12"]
[Round "5"]
[White "Ferraguti, Francesco"]
[Black "Venturelli, Sara"]
[Result "1-0"]
[WhiteElo "1790"]
[BlackElo "1455"]
[PlyCount "43"]
[EventDate "2010.12.10"]

1. d4 d5 2. c4 Nf6 3. cxd5 Nxd5 4. Nf3 e6 5. Nc3 Bb4 6. Bd2 O-O 7. e4 Bxc3 8.
bxc3 Ne7 9. Qc2 b6 10. Bd3 f6 11. O-O Bb7 12. Rab1 f5 13. Rfe1 Nd7 14. Bg5 fxe4
15. Bxe4 c6 16. Bxh7+ Kh8 17. Rxe6 Nf6 18. Bxf6 gxf6 19. Bd3 Rg8 20. Qd2 Qf8
21. Rxe7 Rg7 22. Qh6+ 1-0

[Event "C.to Provinciale MO 2011"]
[Site "Modena ITA"]
[Date "2010.12.12"]
[Round "5"]
[White "Franchini, Gabriele"]
[Black "Tazzioli, Luca"]
[Result "1-0"]
[WhiteElo "2159"]
[BlackElo "1673"]
[PlyCount "89"]
[EventDate "2010.12.10"]

1. d4 d5 2. Nf3 e6 3. Bf4 Nf6 4. e3 Be7 5. Bd3 b6 6. Qe2 Bb7 7. O-O O-O 8. c4
Nbd7 9. Nc3 c5 10. Ne5 Ne4 11. cxd5 exd5 12. Nxe4 dxe4 13. Ba6 Bxa6 14. Qxa6
cxd4 15. exd4 Nxe5 16. dxe5 Bg5 17. Rfd1 Qe7 18. Bg3 Rfd8 19. Qc4 e3 20. f4 Bh4
21. Qe2 Bxg3 22. hxg3 Qc5 23. Rac1 Rxd1+ 24. Rxd1 a5 25. Rd3 Qc1+ 26. Kh2 Rc8
27. Rxe3 Rc2 28. Rd3 g6 29. Qe4 Qxb2 30. e6 Re2 31. exf7+ Kxf7 32. Rd7+ Kf6 33.
Qa8 Qb4 34. Qh8+ Kf5 35. Qxh7 Rxg2+ 36. Kxg2 Qe4+ 37. Kf2 Qc2+ 38. Kf1 Qc4+ 39.
Ke1 Qc1+ 40. Ke2 Qc4+ 41. Rd3 Qe4+ 42. Re3 Qg2+ 43. Kd1 Qf1+ 44. Kd2 Qg2+ 45.
Re2 1-0

[Event "C.to Provinciale MO 2011"]
[Site "Modena ITA"]
[Date "2010.12.12"]
[Round "5"]
[White "Menduni, Alessandro"]
[Black "Filieri, Emily"]
[Result "0-1"]
[WhiteElo "1446"]
[BlackElo "1356"]
[PlyCount "94"]
[EventDate "2010.12.10"]

1. e4 e5 2. Nf3 Nc6 3. Bc4 Nf6 4. Nc3 Bc5 5. O-O d6 6. h3 Be6 7. Bb3 O-O 8. d3
h6 9. Be3 Bb6 10. Re1 Qd7 11. Qd2 Rad8 12. Rad1 Rfe8 13. Bxb6 cxb6 14. Nb5 d5
15. exd5 Nxd5 16. Ba4 a6 17. Nc3 b5 18. Bb3 Nf4 19. Bxe6 Qxe6 20. Re4 Qg6 21.
g3 Nxh3+ 22. Kf1 Qh5 23. Qe3 Ng5 24. Nxg5 Qxg5 25. Qxg5 hxg5 26. Rde1 Nd4 27.
Rc1 Nf3 28. Ke2 f5 29. Re3 e4 30. Kf1 g4 31. Kg2 exd3 32. cxd3 Rxe3 33. fxe3
Re8 34. Nd1 Ne1+ 35. Kf1 Nf3 36. Rc7 Re6 37. Rxb7 Rh6 38. Ke2 Rh2+ 39. Kf1 g5
40. Rb8+ Kg7 41. Rb7+ Kf6 42. Rb6+ Ke5 43. Rxa6 f4 44. gxf4+ gxf4 45. exf4+
Kxf4 46. Rf6+ Kg3 47. Ne3 Rf2# 0-1

[Event "C.to Provinciale MO 2011"]
[Site "Modena ITA"]
[Date "2010.12.12"]
[Round "5"]
[White "Molinari, Enzo"]
[Black "Dionigi, Riccardo"]
[Result "0-1"]
[WhiteElo "1422"]
[BlackElo "1809"]
[PlyCount "64"]
[EventDate "2010.12.10"]

1. Nf3 d5 2. d4 Nf6 3. Bf4 e6 4. e3 c5 5. Bxb8 Rxb8 6. Bb5+ Bd7 7. Bxd7+ Qxd7
8. O-O Bd6 9. c3 cxd4 10. exd4 O-O 11. Re1 b5 12. b4 Rfc8 13. Ne5 Qc7 14. Re3
Ne4 15. Qh5 g6 16. Qh4 Bxe5 17. dxe5 g5 18. Qh6 Qxe5 19. f3 Qf4 20. Re1 Nxc3
21. Nxc3 Rxc3 22. Qh5 Qh4 23. Qxh4 gxh4 24. Re5 Rbc8 25. Rae1 R8c4 26. Rg5+ Kh8
27. Rg4 Rxg4 28. fxg4 Rc2 29. h3 d4 30. g5 Rxa2 31. Re4 d3 32. Rd4 d2 0-1

[Event "C.to Provinciale MO 2011"]
[Site "Modena ITA"]
[Date "2010.12.12"]
[Round "5"]
[White "Petrella, Simone"]
[Black "Carbone, Jacopo"]
[Result "0-1"]
[WhiteElo "1413"]
[BlackElo "1392"]
[PlyCount "110"]
[EventDate "2010.12.10"]

1. e4 e5 2. Nf3 Nc6 3. Bc4 Bc5 4. d3 h6 5. Nc3 Nf6 6. O-O d6 7. Be3 Bxe3 8.
fxe3 O-O 9. Qe1 Bg4 10. Qg3 Qd7 11. Nd5 Nxd5 12. Bxd5 Be6 13. Bxe6 Qxe6 14. Nh4
g6 15. a3 a5 16. b3 b5 17. Rf3 Ne7 18. Raf1 b4 19. Rf6 Qd7 20. Qf2 Nc6 21. Qg3
Ne7 22. Nf3 bxa3 23. Nd2 a4 24. b4 Rab8 25. c3 Qc6 26. Nc4 Qb5 27. Ra1 d5 28.
exd5 Qxd5 29. e4 Qb7 30. Rxa3 Qa7+ 31. Kh1 Kg7 32. Rf3 c5 33. Qxe5+ Kg8 34. g3
cxb4 35. cxb4 Rxb4 36. Rf1 Qb8 37. Qxe7 Rb1 38. Rxb1 Qxb1+ 39. Kg2 Qc2+ 40. Kf3
Qd1+ 41. Kg2 Qe2+ 42. Kh3 Qh5+ 43. Qh4 Qxh4+ 44. Kxh4 g5+ 45. Kh3 Rd8 46. Nb6
Rd4 47. Nxa4 Rb4 48. Nc5 Rb2 49. Nd7 Kg7 50. Ne5 h5 51. Nf3 g4+ 52. Kh4 gxf3
53. d4 f2 54. Rf3 Kg6 55. d5 f1=Q 0-1

[Event "C.to Provinciale MO 2011"]
[Site "Modena ITA"]
[Date "2010.12.12"]
[Round "5"]
[White "Sacchetti, Andrea"]
[Black "Rovatti, Guido"]
[Result "0-1"]
[WhiteElo "1742"]
[BlackElo "1695"]
[PlyCount "69"]
[EventDate "2010.12.10"]

1. d4 d5 2. c4 Nf6 3. Nc3 c6 4. e3 Bf5 5. Qb3 Qb6 6. Qxb6 axb6 7. cxd5 Nxd5 8.
Nxd5 cxd5 9. Nf3 Nd7 10. Bb5 f6 11. O-O Kd8 12. Bd2 g5 13. h3 h5 14. Bb4 h4 15.
Nh2 Rc8 16. Rfc1 Rxc1+ 17. Rxc1 Nb8 18. f3 Bd7 19. Bxd7 Kxd7 20. Ng4 Nc6 21.
Bd2 Bg7 22. Nf2 f5 23. b3 f4 24. exf4 gxf4 25. Bxf4 Nxd4 26. Rc7+ Kd8 27. Bh2
Ne2+ 28. Kf1 Ng3+ 29. Bxg3 hxg3 30. Rxb7 gxf2 31. Rxb6 Kc7 32. Re6 Kd7 33. Re2
Bd4 34. g4 Rc8 35. Rd2 0-1

[Event "C.to Provinciale MO 2011"]
[Site "Modena ITA"]
[Date "2010.12.12"]
[Round "5"]
[White "Setti, Roberto"]
[Black "Castelli, Antonio"]
[Result "1-0"]
[WhiteElo "1901"]
[BlackElo "1703"]
[PlyCount "62"]
[EventDate "2010.12.10"]

1. d4 d5 2. c4 c6 3. Nf3 Bf5 4. e3 e6 5. Nc3 Bd6 6. Qb3 Qb6 7. Bd2 Qxb3 8. axb3
Bc2 9. c5 Bc7 10. b4 a6 11. b5 Ne7 12. b6 Bd8 13. b4 O-O 14. Ra2 Bg6 15. b5 f6
16. bxa6 Nxa6 17. Bxa6 Rxa6 18. Rxa6 bxa6 19. O-O Bd3 20. Ra1 Nf5 21. Na2 Be7
22. Nb4 Bb5 23. Nxa6 Bxa6 24. Rxa6 Rb8 25. Ra7 Kf7 26. Ba5 e5 27. dxe5 Ke6 28.
exf6 Bxf6 29. g4 Ne7 30. Nd4+ Ke5 31. Rxe7+ Bxe7 1-0

[Event "C.to Provinciale MO 2011"]
[Site "Modena ITA"]
[Date "2010.12.12"]
[Round "5"]
[White "Venturelli, Giuseppe"]
[Black "Simonini, Mattia"]
[Result "1/2-1/2"]
[WhiteElo "1677"]
[BlackElo "1778"]
[PlyCount "34"]
[EventDate "2010.12.10"]

1. d4 Nf6 2. c4 e6 3. Nc3 b6 4. e3 Bb7 5. Nf3 Bb4 6. Bd2 O-O 7. Bd3 d5 8. O-O
Bxc3 9. Bxc3 dxc4 10. Bxc4 Nbd7 11. Bd3 Ne4 12. Rc1 Nxc3 13. Rxc3 Rc8 14. Qe2
c5 15. Rfc1 Qe7 16. dxc5 Nxc5 17. h3 Nxd3 1/2-1/2

[Event "Open Hotel Caravel A"]
[Site "Nago-Torbole ITA"]
[Date "2010.12.26"]
[Round "1"]
[White "Benaglia, Giovanni"]
[Black "Careri, Massimiliano"]
[Result "1-0"]
[WhiteElo "1996"]
[BlackElo "1631"]
[PlyCount "57"]
[EventDate "2010.12.26"]

1. d4 e6 2. Nf3 Nf6 3. Bg5 d5 4. e3 c5 5. c3 h6 6. Bh4 c4 7. Nbd2 Nc6 8. Ne5
Nxe5 9. dxe5 g5 10. Bg3 Nd7 11. Rb1 h5 12. f4 Bc5 13. Qe2 h4 14. Bf2 Qa5 15.
Ra1 b5 16. Nf3 b4 17. Qd2 bxc3 18. bxc3 Rb8 19. Nd4 Bxd4 20. exd4 Qa3 21. fxg5
Rb2 22. Qc1 Nb6 23. Be3 Na4 24. Bd2 Bd7 25. Be2 Ke7 26. O-O Rhb8 27. g6 fxg6
28. Bg5+ Ke8 29. Qf4 1-0

[Event "Open Hotel Caravel A"]
[Site "Nago-Torbole ITA"]
[Date "2010.12.26"]
[Round "1"]
[White "Bisaro, Andrea"]
[Black "Giancotti, Eraldo"]
[Result "0-1"]
[WhiteElo "1742"]
[BlackElo "2065"]
[PlyCount "88"]
[EventDate "2010.12.26"]

1. d4 d5 2. c4 Nc6 3. Nc3 Nf6 4. Bg5 dxc4 5. d5 Ne5 6. Qd4 Qd6 7. Bf4 Nfd7 8.
Nf3 Nxf3+ 9. exf3 e5 10. Qe3 Be7 11. Bg3 Qb4 12. O-O-O O-O 13. Qe4 Nb6 14. Bxe5
Bd6 15. Bd4 Na4 16. Qc2 Bf4+ 17. Be3 Bxe3+ 18. fxe3 Nb6 19. Rd4 Re8 20. e4 Qc5
21. Qd1 Bd7 22. Be2 Re7 23. Re1 Rd8 24. Bf1 Be8 25. Kb1 f6 26. f4 Bg6 27. Ka1
c6 28. d6 Red7 29. e5 Kh8 30. Rd2 Nc8 31. g4 fxe5 32. fxe5 Re8 33. Na4 Qb4 34.
Nc3 b5 35. Bg2 Qc5 36. Rde2 Nb6 37. Ne4 Qd5 38. Qxd5 Nxd5 39. Nc5 Rdd8 40. d7
Re7 41. Rf2 Nb4 42. Re3 h6 43. Nb7 Rdxd7 44. Rf8+ Kh7 0-1

[Event "Open Hotel Caravel A"]
[Site "Nago-Torbole ITA"]
[Date "2010.12.26"]
[Round "1"]
[White "Briffault, Philippe"]
[Black "Varzi, Florian"]
[Result "1-0"]
[WhiteElo "1961"]
[BlackElo "1618"]
[PlyCount "131"]
[EventDate "2010.12.26"]

1. d4 f5 2. Nf3 g6 3. c4 Bg7 4. g3 Nf6 5. Nc3 O-O 6. Bg2 d6 7. O-O Qe8 8. d5 e5
9. dxe6 Bxe6 10. Qd3 Kh8 11. Nd4 Nc6 12. Ncb5 Rf7 13. Nxe6 Qxe6 14. Nd4 Nxd4
15. Qxd4 Ne4 16. Qd5 Qxd5 17. cxd5 b6 18. Rb1 Re7 19. Be3 a5 20. Rfc1 Nc5 21.
b3 Rae8 22. Bf3 h6 23. h4 Kh7 24. Kg2 Bf6 25. Rd1 g5 26. hxg5 Bxg5 27. Bxc5
bxc5 28. e3 Rg7 29. Rbc1 f4 30. exf4 Bxf4 31. Rc4 Be5 32. Rh1 Rge7 33. Be4+ Kg7
34. Bd3 Bd4 35. Rc2 Re5 36. Bc4 Rf5 37. Rh4 Ref8 38. Rg4+ Kh8 39. f4 Rg8 40.
Rxg8+ Kxg8 41. Re2 Kf7 42. Kf3 Rf6 43. Re6 Rxe6 44. dxe6+ Kf6 45. Ke4 c6 46.
Be2 d5+ 47. Kd3 Kxe6 48. Bg4+ Kf6 49. Bd7 Bf2 50. g4 Bg3 51. Ke3 d4+ 52. Ke4
Kg6 53. Bxc6 h5 54. Be8+ Kh6 55. Bxh5 Bh2 56. Bf7 Bg3 57. Bc4 Kg7 58. Bd3 Kh6
59. Kf5 Bf2 60. Kf6 Be3 61. g5+ Kh5 62. Be2+ Kh4 63. g6 d3 64. Bxd3 Bd4+ 65.
Kf7 Kg4 66. f5 1-0

[Event "Open Hotel Caravel A"]
[Site "Nago-Torbole ITA"]
[Date "2010.12.26"]
[Round "1"]
[White "Dalponte, Dino"]
[Black "D'Amato, Piergiorgio"]
[Result "1-0"]
[WhiteElo "2141"]
[BlackElo "1866"]
[PlyCount "59"]
[EventDate "2010.12.26"]

1. d4 e6 2. Nf3 f5 3. c3 Nf6 4. Bg5 Be7 5. e3 b6 6. Bd3 Bb7 7. Nbd2 Ne4 8. Bxe7
Qxe7 9. Qc2 Nxd2 10. Qxd2 O-O 11. Qe2 d6 12. e4 f4 13. e5 Nd7 14. exd6 cxd6 15.
O-O-O e5 16. dxe5 Nxe5 17. Nxe5 dxe5 18. f3 Qc5 19. Rhe1 Rfe8 20. Be4 Bc6 21.
Qd3 Rad8 22. Bxh7+ Kh8 23. Qf5 Rxd1+ 24. Rxd1 Qe3+ 25. Kc2 Qe2+ 26. Rd2 Qa6 27.
Qh5 Ba4+ 28. b3 Bxb3+ 29. axb3 Qa2+ 30. Kd1 1-0